LEADER 05502nas0 22003613i 450 001 TO00212987 005 20231121125835.0 011 $a0338-487X 017 70$aP 00076937$2P 100 $a20121219a19769999||||0itac50 ba 101 | $afre 102 $afr 110 $aa|u|||||||| 181 1$6z01$ai $bxxxe 182 1$6z01$an 200 1 $aHérodote$erevue de géographie et de géopolitique 207 0$aN.1 (jan.-mar. 1976)- 210 $aParis$cMaspero$aParis$cLa découverte$d1976- 215 $avolumi$cill.$d20 cm 300 $aTrimestrale 300 $aIl complemento del titolo varia in: stratégies, géographies, idéologies 300 $aInd. 1976-1996 606 $aGeografia$xPeriodici$2FIR$3RMLC095313$9I 606 $aScienza politica$xPeriodici$2FIR$3RMLC381641$9I 676 $a320.1205$9Scienza politica (politica e governo). Territorio. Seriali.$v20 801 3$aIT$bIT-01$c20121219 850 $aIT-FR0017 899 $aBiblioteca umanistica Giorgio Aprea$bFR0017 912 $aTO00212987 950 0$aBiblioteca umanistica Giorgio Aprea$cN. 118 (2005)$d 52PER.STR. 188b$e 52VP 0000207095 VP Descr.Fascicoli:N. 118 (2005)$fC $h20051025$i20121204$cN. 113 (2004)$d 52PER.STR. 188b$e 52VP 0000110835 VP Inventario:FLS Descr.Fascicoli:N. 113 (2004)$fC $h20040917$i20121204$cN. 135 (2009)$d 52PER.STR. 188b$e 52VP 0000110785 VP Inventario:37827FLS Descr.Fascicoli:N. 135 (2009)$fC $h20100126$i20121204$cN. 134 (2009)$d 52PER.STR. 188b$e 52VP 0000110775 VP Inventario:37827FLS Descr.Fascicoli:N. 134 (2009)$fC $h20091103$i20121204$cN. 133 (2009)$d 52PER.STR. 188b$e 52VP 0000110765 VP Inventario:37827FLS Descr.Fascicoli:N. 133 (2009)$fC $h20090922$i20121204$c2003-2011$d 52PER.STR. 188b$e 52SBA0000135005 VPN RS 140-143 (2011)$fC $h20130215$i20130215$c2003-2011$d 52PER.STR. 188b$e 52SBA0000063205 VPN RS 136-139 (2010)$fC $h20130215$i20130215$c2003-2011$d 52PER.STR. 188b$e 52VP 0000110755 VP Inventario:37827FLS Descr.Fascicoli:N. 132 (2009)$fC $h20090922$i20121204$cN. 131 (2008)$d 52PER.STR. 188b$e 52VP 0000110745 VP Inventario:32233FLS Descr.Fascicoli:N. 131 (2008)$fC $h20090130$i20121204$cN. 130 (2008)$d 52PER.STR. 188b$e 52VP 0000110735 VP Inventario:32233FLS Descr.Fascicoli:N. 130 (2008)$fC $h20081111$i20121204$cN. 129 (2008)$d 52PER.STR. 188b$e 52VP 0000110725 VP Inventario:32233FLS Descr.Fascicoli:N. 129 (2008)$fC $h20080909$i20121204$cN. 128 (2008)$d 52PER.STR. 188b$e 52VP 0000110715 VP Inventario:32233FLS Descr.Fascicoli:N. 128 (2008)$fC $h20080912$i20121204$cN. 127 (2007)$d 52PER.STR. 188b$e 52VP 0000110705 VP Inventario:30872FLS Descr.Fascicoli:N. 127 (2007)$fC $h20080303$i20121204$cN. 126 (2007)$d 52PER.STR. 188b$e 52VP 0000110695 VP Inventario:30872FLS Descr.Fascicoli:N. 126 (2007)$fC $h20080303$i20121204$cN. 125 (2007)$d 52PER.STR. 188b$e 52VP 0000110685 VP Inventario:30872FLS Descr.Fascicoli:N. 125 (2007)$fC $h20071122$i20121204$cN. 123 (2006)$d 52PER.STR. 188b$e 52VP 0000110675 VP Inventario:29500FLS Descr.Fascicoli:N. 123 (2006)$fC $h20070504$i20121204$cN. 122 (2006)$d 52PER.STR. 188b$e 52VP 0000110665 VP Inventario:29500FLS Descr.Fascicoli:N. 122 (2006)$fC $h20080725$i20121204$cN. 121 (2006)$d 52PER.STR. 188b$e 52VP 0000110655 VP Inventario:29500FLS Descr.Fascicoli:N. 121 (2006)$fC $h20061120$i20121204$cN. 120 (2006)$d 52PER.STR. 188b$e 52VP 0000110645 VP Inventario:29500FLS Descr.Fascicoli:N. 120 (2006)$fC $h20060911$i20121204$cN. 119 (2005)$d 52PER.STR. 188b$e 52VP 0000110635 VP Inventario:28657FLS Descr.Fascicoli:N. 119 (2005)$fC $h20060123$i20121204$cN. 117 (2005)$d 52PER.STR. 188b$e 52VP 0000110625 VP Inventario:28657FLS Descr.Fascicoli:N. 117 (2005)$fC $h20050901$i20121204$cN. 116 (2005)$d 52PER.STR. 188b$e 52VP 0000110615 VP Inventario:28657FLS Descr.Fascicoli:N. 116 (2005)$fC $h20050726$i20121204$cN. 114 (2004)$d 52PER.STR. 188b$e 52VP 0000110605 VP Inventario:27173FLS Descr.Fascicoli:N. 114 (2004)$fC $h20041013$i20121204$cN. 112 (2004)$d 52PER.STR. 188b$e 52VP 0000110595 VP Inventario:27173FLS Descr.Fascicoli:N. 112 (2004)$fC $h20041006$i20121204$cN. 115 (2004)$d 52PER.STR. 188b$e 52VP 0000110585 VP Inventario:27137FLS Descr.Fascicoli:N. 115 (2004)$fC $h20041214$i20121204$cN. 111 (2003)$d 52PER.STR. 188b$e 52VP 0000110575 VP Inventario:26634FLS Descr.Fascicoli:N. 111 (2003)$fC $h20040917$i20121204$cN. 110 (2003)$d 52PER.STR. 188b$e 52VP 0000110565 VP Inventario:26634FLS Descr.Fascicoli:N. 110 (2003)$fC $h20040917$i20121204$cN. 109 (2003)$d 52PER.STR. 188b$e 52VP 0000110555 VP Inventario:26634FLS Descr.Fascicoli:N. 109 (2003)$fC $h20040917$i20121204$cN. 108 (2003)$d 52PER.STR. 188b$e 52VP 0000110545 VP Inventario:26634FLS Descr.Fascicoli:N. 108 (2003)$fC $h20040917$i20121204 977 $a 52 996 $aHérodote$9796022 997 $aUNICAS